Monthly JetPunk Recap Quiz - March 2025 - Statistics

General Stats
  • This quiz has been taken 19 times
  • The average score is 5 of 8
Answer Stats
Question Answer % Correct
In this month, toowise started a new blog series, named ... Country and Flag Origins
89%
In this month, the well-known users LuckyCat and Gademotsili99 had an incredible close race. But what was the goal? Get 100,000 takes
89%
Which "new" "quiz format" got a lot of attention this month? Multiple Choice City Quiz
84%
On March 19th, Dimby created an amazing quiz that immediately gained thousands of takes. What was the name again? Pin US States on a Borderless Map
84%
Who hosted the "JetPunk Blog Awards 2024"? Insaniot
63%
On March 21, LuckyCat created a Community Activity Tier List. Which of these users was not in the S Tier? McKenzieFam
53%
The message board had a lot of traffic this month. Select one topic we didn't talk about. Kellogg's
42%
On one day, JetPunk had an outage lasting around 10 hours. But on which day did it take place? March 7th
42%
No matching quizzes found
Score Distribution
Percent of People with Each Score
Percentile by Number Answered
Your Score History
You have not taken this quiz